000 00327nam a2200109Ia 4500
008 171211s9999 xx 000 0 und d
245 _aSemantic Web And Model-driven Engineering
245 _cFernando Silva Parreiras
260 _c2012
650 _xWeb Development
856 _uhttp://down.ebook777.com/003/SemWebAndModEng.pdf
999 _c350131
_d350131